| 000 | 01215cam a22003011i 4500 | ||
|---|---|---|---|
| 003 | SA_RiAUC | ||
| 005 | 20241031151935.0 | ||
| 008 | 241031s2010____su g b 001 0 ara c | ||
| 040 |
_aOQUL _bara _cSA-RiAUC _erda |
||
| 082 | 0 | 4 |
_a251.22 _qSA-RiAUC |
| 090 |
_a251.22 _b ب ا ح |
||
| 100 | 1 |
_aالباحسين، يعقوب بن عبد الوهاب، _d1347 هجري- _eمؤلف. |
|
| 245 | 1 | 2 |
_aالحكم الشرعي : _bحقيقته-أركانه-شروطه-أقسامه / _cيعقوب بن عبد الوهاب الباحسين. |
| 250 | _aالطبعة الأولى. | ||
| 264 | 1 |
_aالرياض : _bمكتبة الرشد، _c2010 |
|
| 300 |
_a593 صفحة ؛ _c24 سم |
||
| 336 |
_aنص _btxt _2rdacontent _3كتاب |
||
| 337 |
_aبدون وسيط _bn _2rdamedia |
||
| 338 |
_aمجلد _bnc _2rdacarrier |
||
| 500 | _aيشتمل على كشافات. | ||
| 500 | _aكشافات : صفحة 571-582. | ||
| 504 | _aيشتمل على إرجاعات ببليوجرافية. | ||
| 504 | _aببليوجرافية : صفحة 547-570. | ||
| 650 | 7 |
_aالحكم (أصول فقه) _2aucsh |
|
| 650 | 7 |
_aأصول الفقه الإسلامي _2aucsh |
|
| 942 |
_2ddc _cBOOK _n0 |
||
| 949 |
_aSA-JeALM _d241031 _ueid123 _n1 |
||
| 999 |
_c1949 _d1949 |
||